<?xml version="1.0" encoding="UTF-8"?>
<collection xmlns="http://www.loc.gov/MARC21/slim">
  <record>
    <leader>00000nam  2200000   4500</leader>
    <controlfield tag="001">INLIS000000000018571</controlfield>
    <controlfield tag="005">20241126015955</controlfield>
    <datafield tag="035" ind1="#" ind2="#">
      <subfield code="a">0010-1124000237</subfield>
    </datafield>
    <controlfield tag="007">ta</controlfield>
    <controlfield tag="008">241126###########################0######</controlfield>
    <datafield tag="245" ind1="#" ind2="#">
      <subfield code="a">PETA KARIR :</subfield>
      <subfield code="b">Peningkatan Wawasan Persiapan Berkarir Mahasiswa Arsitektur  Tadulako /</subfield>
      <subfield code="c">Auditha Nurul Gamalia, M.Ars.</subfield>
    </datafield>
    <datafield tag="260" ind1="#" ind2="#">
      <subfield code="a">Makassar :</subfield>
      <subfield code="b">Puslatbang KMP RI LAN Makassar,</subfield>
      <subfield code="c">2024</subfield>
    </datafield>
    <datafield tag="300" ind1="#" ind2="#">
      <subfield code="a">52 ;</subfield>
      <subfield code="c">30</subfield>
    </datafield>
    <datafield tag="650" ind1="#" ind2="4">
      <subfield code="a">eningkatan Wawasan Persiapan Berkarir Mahasiswa Arsitektur Tadulako</subfield>
    </datafield>
    <datafield tag="700" ind1=" " ind2="#">
      <subfield code="a">Dr. Mashuri, S.T., M.Sc (Mentor)</subfield>
    </datafield>
    <datafield tag="700" ind1=" " ind2="#">
      <subfield code="a">Muskamal, S.Sos., M.Si (Coach)</subfield>
    </datafield>
    <datafield tag="520" ind1="#" ind2="#">
      <subfield code="a">Perencanaan karir merupakan hal yang sangat fundamental dipersiapkan mahasiswa sebelum menyelesaikan studi. Realitanya, mahasiswa di Prodi SI Arsitektur Universitas Tadulako sangat membutuhkan peningkatan wawasan untuk perencanaan karir mereka nantinya. Pelaksanaan Aktualisasi dari Pelatihan Dasar CPNS dengan judul "PETA KARIR" Peningkatan Wawasan Perencanaan Karir Mahasiswa Arsitektur Tadulako secara nyata memberikan pengetahuan getahuan unt untuk merencakan jalan karir yang ang akan mereka tempuh. Kegiatan yang menghadirkan 4 pemateri yang merupakan expert di bidang praktisi, akademisi, pelaku industry kreatif dan industry arsitektur sukses meningkatkan wawasan mahasiswa mengenai jalan karir yang dapat mereka pilih setelah kuliah.&#13;
&#13;
Kata Kunci :Perencanaan Karir, Arsitek, Akademisi, Birokrat, Industri Kreatif</subfield>
    </datafield>
    <datafield tag="856" ind1="#" ind2="#">
      <subfield code="a">PUSLATBANG KMP LAN RI Makassar</subfield>
    </datafield>
  </record>
</collection>
